00289nam a2200121Ia 4500008004100000082001500041100001700056245004600073250000900119260002300128300000800151650000800159191201s2008 xx 000 0 und d a006.3bBEB aBERSON, Alex 0aBuilding Data Mining Applications for CRM aRep. aN.DelhibTMHc2008 a510 aMBA